000 00577nam a22001817a 4500
005 20251108170939.0
008 250721s1982 xx 000 0 ara d
082 1 4 _a634/أحم
100 1 _aعقل، أحمد محمد أبو زيد
245 1 0 _aتربية النباتات البستنية لطلبة الصف الثالث - بستنة /
264 1 _aبغداد :
_bدار الكتب للطباعة،
_c1982.
300 _a208ص
650 1 7 _aالبستنة
650 1 7 _aالفاكهة
700 1 _aرسول، طاهر نجم
942 _2ddc
_cBK
999 _c52780
_d52780